Hranica život nezastaví
Charakteristika regiónu Záhorie - okresy Malacky, Senica, Skalica. Podnikanie sa orientuje na prevádzkovanie veľkoobchodu, maloobchodu a poskytovanie obchodných služieb. Záhorie priťahuje podnikateľov zaoberajúcich sa distribúciou tovaru, najmä s ČR.
Guardado en:
| Formato: | Capítulo de libro |
|---|---|
| Lenguaje: | eslovaco |
| Materias: | |
| Etiquetas: |
Sin Etiquetas, Sea el primero en etiquetar este registro!
|
MARC
| LEADER | 00000naa a2200000 4500 | ||
|---|---|---|---|
| 001 | r027693 | ||
| 005 | 20230727090959.9 | ||
| 041 | 0 | |a slo | |
| 044 | |a CZ | ||
| 245 | 1 | 0 | |a Hranica život nezastaví |
| 520 | |a Charakteristika regiónu Záhorie - okresy Malacky, Senica, Skalica. Podnikanie sa orientuje na prevádzkovanie veľkoobchodu, maloobchodu a poskytovanie obchodných služieb. Záhorie priťahuje podnikateľov zaoberajúcich sa distribúciou tovaru, najmä s ČR. | ||
| 610 | 2 | 0 | |a regióny |
| 610 | 2 | 0 | |a Záhorie |
| 610 | 2 | 0 | |a okresy |
| 610 | 2 | 0 | |a Malacky |
| 610 | 2 | 0 | |a Senica |
| 610 | 2 | 0 | |a Skalica |
| 610 | 2 | 0 | |a Slovensko |
| 610 | 2 | 0 | |a obchod |
| 610 | 2 | 0 | |a podnikanie obchodné |
| 610 | 2 | 0 | |a veľkoobchod |
| 610 | 2 | 0 | |a maloobchod |
| 610 | 2 | 0 | |a služby obchodné |
| 610 | 2 | 0 | |a distribúcia |
| 610 | 2 | 0 | |a tovar |